• 首页
  • 本馆介绍
  • 公告通知
  • 最新文献
  • 馆藏检索
  • 电子资源
  • 读者导购
  • 参考咨询
  • 我的图书馆
  • 登录
  • 详细信息显示
  • 放入我的书架
  • 预约/预借图书
  • 作者相关作品
  • 分类相关作品
  • 丛书相关作品
  • 出版社相关作品

书目信息

  • 表格格式
  • 工作单格式
  • 卡片格式
题名:
荀子的教育智慧
    
 
作者: 刘枫 著
分册:  
出版信息: 北京   中国商业出版社  2018
页数: 154页
开本: 24cm
丛书名: 中国古代教育智慧
单 册:
中图分类: B222.65 , G40-092.31
科图分类:
主题词:
电子资源:
ISBN: 978-7-5208-0309-0
000 00948nam 2200289 450
001 012001000637
005 20131024095257.0
010    @a978-7-5208-0309-0@dCNY35.00
099    @aCAL 012018138727
100    @a20181101d2018 em y0chiy50 ea
101 0  @achi
102    @aCN@b110000
105    @aac z 000yy
106    @ar
200 1  @a荀子的教育智慧@Axun zi de jiao yu zhi hui@f刘枫著
210    @a北京@c中国商业出版社@d2018
215    @a154页@c图, 肖像@d24cm
225 2  @a中国古代教育智慧@AZhong Guo Gu Dai Jiao Yu Zhi Hui
330    @a本书分为三部分,内容包括:荀子的教育思想;《荀子》的教育智慧;《荀子》选编。
333    @a适用于儒家思想教育研究人员及相关读者。
410  0 @12001 @a中国古代教育智慧
600  0 @a荀况,@Axun kuang@f前313-前238@x儒家教育思想@x研究
690    @aB222.65@v5
690    @aG40-092.31@v5
701  0 @a刘枫@Aliu feng@4著
801  0 @aCN@b江苏凤凰@c20191020
905    @b1220759-62@dB222.65@e940@f4
    
    荀子的教育智慧/刘枫著.-北京:中国商业出版社,2018
    154页:图, 肖像;24cm.-(中国古代教育智慧)
    使用对象:适用于儒家思想教育研究人员及相关读者。
    
    ISBN 978-7-5208-0309-0:CNY35.00
    本书分为三部分,内容包括:荀子的教育思想;《荀子》的教育智慧;《荀子》选编。
●
相关链接 在E读中查询图书 在五车中查询图书 在当当中查询图书 在豆瓣中查询图书


正题名:荀子的教育智慧     索取号:B222.65/940         预约/预借

序号 登录号 条形码 馆藏地/架位号 状态 备注
1 1220759   212207592   第一样本阅览室/ [索取号:B222.65/940] 在馆    
2 1220760   212207609   教育系资料室/ [索取号:B222.65/940] 在馆    
3 1220761   212207618   教育系资料室/ [索取号:B222.65/940] 在馆    
4 1220762   212207627   第一借阅区/ [索取号:B222.65/940] 在馆    
唐山师范学院图书馆 欢迎您!
大连网信软件有限公司© 版权所有